| 000 | 00716nam a2200301Ia 4500 | ||
|---|---|---|---|
| 008 | 170711s9999 xx 000 0 und d | ||
| 020 | _a9781600610899 | ||
| 050 | _a753.7 | ||
| 050 | _b211 2009 | ||
| 100 | _aAdams, David | ||
| 245 | _aFairyart : | ||
| 245 | _bpainting magical fairies and their worlds / | ||
| 245 | _cby David Adams. | ||
| 260 | _aOhio : | ||
| 260 | _bImpact, | ||
| 260 | _c2009 | ||
| 300 | _a128 pages : | ||
| 300 | _billustrations ; | ||
| 300 | _c27cm. | ||
| 500 | _aIncludes index. | ||
| 650 | _aDrawing -- | ||
| 650 | _aFairies in art. | ||
| 650 | _aPainting -- | ||
| 650 | _xTechnique. | ||
| 650 | _xTechnique. | ||
| 700 | _aTitle : Fairy art. | ||
| 700 | _aTitle. | ||
| 999 |
_c339686 _d339686 |
||